| 000 | 00438nam a22001817a 4500 | ||
|---|---|---|---|
| 003 | MPLRDC | ||
| 005 | 20220104123520.0 | ||
| 008 | 210129b ||||| |||| 00| 0 eng d | ||
| 082 | _a240.8 WQCS v.8 | ||
| 100 | _a黄润岳 | ||
| 245 |
_a基督教与华人文化 _c |
||
| 250 | _a二版 | ||
| 260 |
_a _b文桥出版社 _c1991 |
||
| 300 | _b平 | ||
| 490 | _a文桥丛书. 8 | ||
| 650 | _a基督教总论 | ||
| 942 |
_cBK _o240.8 WQCS v.8 |
||
| 999 |
_c12033 _d12023 |
||